[Event "Sharjah Master 2024"]
[Site "Shsrjah - Abu Dhabi"]
[Date "2024.05.22"]
[Round "?"]
[White "Fedoseev, Vladimir"]
[Black "Erdogmus, Yagiz Kaan"]
[Result "1/2-1/2"]
[WhiteElo "2701"]
[BlackElo "2553"]
[PlyCount "178"]
[EventDate "2024.05.14"]
[EventCountry "UAE"]

1. c4 e5 2. g3 d5 3. cxd5 Qxd5 4. Nf3 Nc6 5. Nc3 Qd6 $146 ({RR} 5... Qd8 6. d3 h6 7. Bg2 Nf6 8. O-O Bd6 9. a3 O-O 10. b4 Be6 11. Bb2 Qd7 12. Rc1 Bh3 13. Ne4 Nxe4 14. dxe4 Bxg2 15. Kxg2 Qe7 16. Qb3 a5 17. b5 Nd8 18. a4 b6 19. Rfd1 Nb7 20. Rc4 {Melkumyan,H (2640)-Kokoszczynski,J (2250) chess.com INT 2024 1-0 (32)}) ({RR} 5... Qd7 6. Bg2 Nf6 7. O-O Bd6 8. d4 O-O 9. Bg5 exd4 10. Nxd4 Nxd4 11. Qxd4 Qf5 12. Bxf6 Qxf6 13. Qxf6 gxf6 14. Nb5 Be5 15. f4 Bxb2 16. Rab1 c6 17. Rxb2 cxb5 18. Rxb5 Rd8 19. Kf2 Rd2 20. a4 {Kokarev,D (2579)-Belyakov,B (2416) Ufa RUS 2024 ½-½ (55)}) ({RR} 5... Qa5 6. Bg2 Nf6 7. O-O Nd4 8. d3 Nxf3+ 9. Bxf3 c6 10. Bd2 Qb6 11. Qc2 Be7 12. Na4 Qd8 13. b4 O-O 14. Rab1 Bg4 15. Bxg4 Nxg4 16. b5 Rc8 17. bxc6 Rxc6 18. Qb2 b6 19. h3 Nf6 20. Bc3 {Mnguni,J (2134)-Mnyasta,C (2123) Cape Town RSA 2024 0-1 (37)}) 6. Qc2 Qg6 7. d3 Bd6 8. Bg2 Nge7 9. Bg5 O-O 10. Bxe7 Bxe7 11. O-O Bg4 12. Qa4 Rfd8 13. h3 Bd7 14. Qb5 a6 15. Qb3 Rab8 16. Rac1 Be6 17. Qa4 Qh6 18. h4 Nd4 $6 {Inaccuracy. f5 was best.} (18... f5 19. b4) 19. Qa5 Nc6 20. Qxc7 Bc5 21. Ne4 Rdc8 22. Qxc8+ Rxc8 23. Nxc5 $6 {Inaccuracy. Rxc5 was best.} (23. Rxc5 b6 24. Rc2 Nd4 25. Rxc8+ Bxc8 26. Nxd4 exd4 27. Ng5 f6 28. Nf3 Bg4) 23... Nb4 24. d4 exd4 25. Nxd4 Nxa2 26. Rc2 b6 27. Ne4 Rxc2 28. Nxc2 Qh5 29. Rd1 h6 $6 {Inaccuracy. Kf8 was best.} (29... Kf8 30. Rd8+ Ke7 31. Ra8 Qe5 32. Ra7+ Ke8 33. Ra8+ Kd7 34. Rxa6 Qxb2 35. Ra7+) 30. Rd8+ Kh7 31. Nd4 Qe5 32. Rd6 $6 {Inaccuracy. f4 was best.} (32. f4 Qc7 33. Nxe6 fxe6 34. Rd6 Nc1 35. Rc6 Qxc6 36. Nf6+ gxf6 37. Bxc6 Nxe2+) 32... Bc4 $6 {Inaccuracy. Bc8 was best.} (32... Bc8 33. e3 b5 34. Rb6 Qc7 35. Rc6 Qb8 36. Nc2 a5 37. Rc5 a4 38. Nd4) 33. Nf3 Qe8 34. Nd4 Nc1 35. e3 Ne2+ 36. Nxe2 Bxe2 37. Nc3 Bc4 $6 {Inaccuracy. Qb8 was best.} (37... Qb8 38. Rd4 Bh5 39. g4 Bg6 40. h5 Bc2 41. Bd5 Qc7 42. Kg2 Kh8 43. Rf4) 38. Rxb6 Qe5 39. Rc6 Bd3 40. Bd5 Qf5 41. Rxa6 Qh3 42. Ra1 Qf5 $2 {Mistake. Qc8 was best.} (42... Qc8 43. Ra4) 43. Ra4 $2 {Mistake. Rd1 was best.} (43. Rd1 g6 44. b4 Kg7 45. b5 g5 46. hxg5 hxg5 47. Kg2 g4 48. Rd2 Qh7) 43... Qh3 44. Bg2 Qe6 45. Rd4 Bg6 46. Bf3 Qb3 47. h5 Bf5 48. Rd5 g6 49. Rb5 Qc2 50. Kg2 Kg7 51. hxg6 Bxg6 52. Rb4 Qc1 53. Ne2 Qe1 54. Rd4 Qb1 55. b4 Bd3 56. g4 Kf8 $6 {Inaccuracy. Bxe2 was best.} (56... Bxe2 57. Bxe2 Qg6 58. Bd3 Qc6+ 59. Kg1 Qc1+ 60. Bf1 Qb1 61. Rf4 h5 62. gxh5) 57. Ng3 Bg6 58. Bc6 Kg8 59. Rf4 Kg7 60. Bd5 Qd1 61. Bc4 Qd7 62. Kh2 Qc7 63. Be2 Qc2 64. Kg2 Qb2 65. b5 Qe5 66. b6 $6 {Inaccuracy. Rd4 was best.} (66. Rd4) 66... Qb2 67. Bc4 Qxb6 68. Nf5+ Bxf5 69. Rxf5 f6 70. Be2 Qe6 71. Bf3 Qc4 72. Rf4 Qc5 73. Rd4 Qb5 74. Rd5 Qe8 75. Ra5 Qb8 76. Be4 Qb6 77. Rd5 Qe6 78. Kf3 Qe7 79. Rb5 Qd6 80. Rb7+ Kg8 81. Kg2 Qe6 82. Bf3 Qd6 83. Ra7 Qe6 84. Rc7 Qd6 85. Rc8+ Kg7 86. Be4 h5 87. gxh5 Qd7 88. h6+ Kf7 89. Rc4 Qg4+ 1/2-1/2

[Event "Sharjah Master 2024"]
[Site "Shsrjah - Abu Dhabi"]
[Date "2024.05.22"]
[Round "?"]
[White "Martirosyan, Haik M."]
[Black "Assaubayeva, Bibisara"]
[Result "1-0"]
[WhiteElo "2678"]
[BlackElo "2481"]
[PlyCount "51"]
[EventDate "2024.05.14"]
[EventCountry "UAE"]

{[%evp 12,51,63,64,101,61,58,38,36,8,90,85,76,78,166,155,197,166,191,182,162,148,170,178,172,198,253,213,200,163,252,252,223,236,277,275,398,387,535,534,708,682]} 1. d4 Nf6 2. c4 g6 3. Nc3 Bg7 4. e4 d6 5. Be2 O-O 6. Be3 c5 7. d5 Qb6 8. Qc2 ({RR} 8. Rb1 Qa5 9. Bd2 e6 10. Nf3 exd5 11. Nxd5 Qd8 12. Nxf6+ Bxf6 13. O-O Re8 14. Bd3 Bg4 15. h3 Bxf3 16. Qxf3 Nc6 17. Qd1 Nb4 18. Bxb4 cxb4 19. a4 bxa3 20. bxa3 b6 21. g3 Rc8 22. Kg2 Rc5 {Nesterov,A (2584)-Sindarov,J (2701) Samarkand UZB 2023 ½-½ (46)}) 8... Ng4 9. Bg5 $146 ({RR} 9. Bc1 f5 10. Nf3 fxe4 11. Nxe4 Qb4+ 12. Nfd2 Nh6 13. O-O Nf5 14. Nb3 a5 15. a4 Nd7 16. Bg5 Ne5 17. g4 Nd4 $1 18. Nxd4 cxd4 19. Bxe7 d3 $1 20. Bxd3 Nf3+ 21. Kh1 Bxg4 22. Bxd6 Qb6 $1 23. c5 Qd8 $1 {Ter Sahakyan,S (2649)-Tiraturyan,D (2258) Yerevan ARM 2024 1-0 (56)}) 9... f5 {White is slightly better.} 10. f3 Nf6 $6 {Inaccuracy. Ne5 was best.} (10... Ne5 11. Bxe7) (10... Ne5 $11) 11. exf5 Bxf5 12. Qd2 Qa5 (12... Bc8 $16) 13. g4 Bd7 $6 {Inaccuracy. Bc8 was best.} (13... Bc8 14. h4 Nbd7 15. h5 Ne5 16. hxg6 Nxg6 17. Bh6 Rf7 18. Nh3 Bxh6 19. Qxh6) 14. h4 b5 15. h5 ({But not} 15. cxb5 $6 a6 $14) 15... gxh5 16. gxh5 Na6 17. h6 ({Don't take} 17. Nxb5 $6 Qxd2+ 18. Bxd2 h6 $14) 17... Bh8 18. Nh3 ({Don't do} 18. Nxb5 $6 Qxd2+ 19. Bxd2 Nb4 $16) 18... Rab8 $6 {Inaccuracy. Kf7 was best.} (18... Kf7 19. Nxb5 Nb4 20. Nc3 Bf5 {[#]} 21. Rc1 $1 Rab8 22. a3 Na6 23. Nb5 Qxd2+ 24. Bxd2) 19. cxb5 Nc7 20. a4 $36 {[%mdl 2048] White has strong initiative.} a6 $6 {Inaccuracy. Bf5 was best.} (20... Bf5 21. Nf4 Kf7 22. Rd1 a6 23. Bd3 Bxd3 24. Qxd3 c4 25. Qf5 Ke8 26. O-O) (20... Bf5 $142) 21. Rg1 $18 Kf7 22. Bxf6 $1 exf6 23. Qd3 $1 {[%csl LRa6,LRh7]} Ke8 $2 {Mistake. f5 was best.} (23... f5 24. Ng5+ Ke7 25. Qe3+ Kd8 26. Ne6+ Bxe6 27. dxe6 Re8 28. Rg7 axb5 29. O-O-O) (23... f5 {keeps fighting.} 24. Ng5+ Ke7) 24. Qxh7 {Rg8 is the strong threat.} f5 {[#]} 25. Rg7 $1 Nxd5 $6 {Inaccuracy. Kd8 was best. If Black can now play ...Nf6 this consolidates a bit.} (25... Kd8 26. Rxd7+ Kc8 27. Kf1 axb5 28. Qe7 Bxc3 29. bxc3 Rh8 30. h7 c4 31. Ng5) (25... Bxg7 26. hxg7) 26. Qg6+ {[%mdl 64] Double Attack. Accuracy: White = 79%, Black = 35%.} 1-0

[Event "Sharjah Master 2024"]
[Site "Shsrjah - Abu Dhabi"]
[Date "2024.05.22"]
[Round "?"]
[White "Sadhwani, Raunak"]
[Black "Sanal, Vahap"]
[Result "1/2-1/2"]
[WhiteElo "2654"]
[BlackElo "2566"]
[PlyCount "74"]
[EventDate "2024.05.14"]
[EventCountry "UAE"]

1. d4 Nf6 2. c4 (2. c3) 2... e6 3. Nf3 b6 4. g3 Bb7 5. Bg2 Bb4+ 6. Bd2 Bxd2+ 7. Nbxd2 O-O 8. Qc2 c5 9. dxc5 bxc5 10. O-O Nc6 $146 ({RR} 10... d6 11. Rfd1 Nc6 12. a3 Qc7 13. Qc3 Rfd8 14. b4 cxb4 15. axb4 a6 16. Nb3 Qb6 17. c5 Qxb4 18. Qxb4 Nxb4 19. cxd6 Bd5 20. Nc5 Rxd6 21. Ne5 Rdd8 22. e4 Bc6 23. Rxd8+ Rxd8 24. Nxc6 Nxc6 25. Rxa6 {Kurmangaliyeva,L (2230)-Ilkhomi,J (2131) chess.com INT 2024 0-1 (58)}) 11. Rfd1 Qe7 12. Rac1 Rfd8 13. Ne4 Nb4 14. Nxf6+ Qxf6 15. Qb1 d6 $6 {Inaccuracy. Rab8 was best.} (15... Rab8 16. Rd6 Qe7 17. Rcd1 h6 18. Ne5 Bxg2 19. Kxg2 Nd5 20. Rxd7 Rxd7 21. Nxd7) 16. Ng5 Qxg5 17. Bxb7 Rab8 18. Bg2 Rb6 19. Rc3 Qf6 20. Ra3 Rd7 21. Rd2 g6 22. Qd1 Qd8 23. Ra5 Qc7 24. Qa4 Re7 25. h4 h5 26. e3 Kg7 27. b3 Kg8 28. Kf1 e5 29. a3 Nc6 30. Bxc6 Qxc6 31. Qxc6 Rxc6 32. Rb5 Kf8 33. Ke2 a6 34. Rb8+ Re8 35. Rb7 Re7 36. Rb8+ Re8 37. Rb7 Re7 1/2-1/2

[Event "Sharjah Master 2024"]
[Site "Shsrjah - Abu Dhabi"]
[Date "2024.05.22"]
[Round "?"]
[White "Adhiban, B.."]
[Black "Yuffa, Daniil"]
[Result "1/2-1/2"]
[WhiteElo "2520"]
[BlackElo "2617"]
[PlyCount "120"]
[EventDate "2024.05.14"]
[EventCountry "UAE"]

1. e4 c5 2. Nf3 d6 3. d4 cxd4 4. Nxd4 Nf6 5. Nc3 a6 6. Bc4 e6 7. Be3 Nc6 8. a4 Bd7 9. O-O Be7 10. Qe2 O-O 11. Nxc6 Bxc6 12. a5 Qe8 13. f3 d5 14. exd5 exd5 15. Bb3 Bb4 16. Qf2 Qe7 17. Bd4 Rfe8 18. Qh4 Bc5 19. Qf2 Bxd4 20. Qxd4 Qc7 21. Qb6 Qxb6+ 22. axb6 d4 23. Na4 Rad8 24. Rfd1 Re5 25. Bc4 Ra5 26. b3 Rd6 27. c3 Bxa4 28. Rxd4 Rxd4 29. cxd4 Nd7 $2 {Mistake. Rb5 was best.} (29... Rb5 30. bxa4 Rxb6 31. Bd3 Rb3 32. Bf5 Kf8 33. Rb1 Rxb1+ 34. Bxb1 Ne8 35. Kf2) 30. bxa4 Nxb6 31. Bb3 Kf8 32. Rc1 Nxa4 33. Rc7 f5 34. Rf7+ Ke8 35. Rxb7 $6 {Inaccuracy. Rxg7 was best.} (35. Rxg7) 35... g5 36. Bxa4+ Rxa4 37. Rxh7 Rxd4 38. Rh5 Rd1+ 39. Kf2 Rd2+ 40. Kg3 Rd5 41. h4 gxh4+ 42. Kxh4 a5 43. Rh7 Rd7 44. Rh8+ Ke7 45. Ra8 Rd5 46. Kg5 Kd7 47. Kf4 Kc6 48. g4 fxg4 49. fxg4 Kb5 50. g5 Rd1 51. g6 Rg1 52. Kf5 a4 53. Kf6 Kb4 54. g7 a3 55. g8=Q Rxg8 56. Rxg8 a2 57. Ra8 Kb3 58. Ke5 Kb2 59. Ke4 a1=Q 60. Rxa1 Kxa1 1/2-1/2

[Event "Sharjah Master 2024"]
[Site "Shsrjah - Abu Dhabi"]
[Date "2024.05.22"]
[Round "?"]
[White "Sjugirov, Sanan"]
[Black "Mchedlishvili, Mikheil"]
[Result "1/2-1/2"]
[WhiteElo "2691"]
[BlackElo "2567"]
[PlyCount "135"]
[EventDate "2024.05.14"]
[EventCountry "UAE"]

1. d4 Nf6 2. c4 e6 3. Nc3 Bb4 4. e3 c5 5. Bd3 Nc6 6. Nge2 cxd4 7. exd4 d5 8. cxd5 Nxd5 9. O-O O-O 10. a3 Bd6 11. Re1 Qh4 12. g3 Qh5 13. Nxd5 exd5 14. Bf4 Be7 $146 ({RR} 14... Rd8 15. Qd2 Bf8 16. Bc7 Rd7 17. Ba5 Nxa5 18. Qxa5 Qg5 19. Nf4 Qd8 20. Qb5 g6 21. Bf1 a6 22. Qa4 Bh6 23. Nd3 Kf8 24. Bg2 Rd6 25. h4 Bf5 26. Nc5 Qb6 27. b4 Qc7 28. Qd1 b6 29. g4 {Robson,R (2696)-Aronian,L (2722) Saint Louis USA 2024 ½-½ (56)}) ({RR} 14... Rd8 15. Qd2 Bf8 16. Bc7 Rd7 17. Ba5 g5 18. Bb4 Nxb4 19. axb4 Rd8 20. Nc3 Bxb4 21. h4 Bg4 22. Qxg5+ Qxg5 23. hxg5 a5 24. Re3 Bxc3 25. bxc3 a4 26. Ra3 Bd1 27. Re7 Bb3 28. Rxb7 Rdc8 29. Raxb3 {So,W (2757)-Robson,R (2696) Saint Louis USA 2024 ½-½ (50)}) 15. Qb3 Bh3 16. Be3 Bd6 17. Nc3 Rfd8 18. Be2 Bg4 19. Bxg4 Qxg4 20. Qxb7 Ne7 21. Qa6 Nf5 22. Qe2 Qg6 23. Rad1 Rab8 $6 {Inaccuracy. h5 was best.} (23... h5 24. Bc1) 24. Bc1 h5 25. Rd3 Re8 26. Qd1 h4 27. Rxe8+ Rxe8 28. g4 Ne7 29. h3 f5 30. Re3 Rf8 31. Qe2 Rf6 32. f3 fxg4 33. fxg4 Qf7 34. Nb5 Bh2+ 35. Kg2 Ng6 $6 {Inaccuracy. Bg3 was best.} (35... Bg3 36. Rf3 Ng6 37. Rxf6 Qxf6 38. Nc3 Qxd4 39. Qe6+ Kh8 40. Qc8+ Kh7 41. Qf5) 36. Re8+ Kh7 37. g5 Rf2+ 38. Qxf2 Qxe8 39. Nc3 Bb8 40. Qf3 Qc6 41. Be3 a5 42. Qxd5 $6 {Inaccuracy. Kg1 was best.} (42. Kg1 Bg3 43. Qxd5 Qb6 44. Qf3 Kg8 45. Qe4 Kh7 46. Bc1 Qb3 47. Qf5 Qb6) 42... Qb6 43. Nd1 Bf4 44. Qf3 Bxe3 45. Qxe3 Qc6+ 46. Kg1 Qc2 47. Nf2 Qxb2 48. Kg2 Qb5 49. Kh2 Qf5 50. Nd3 Qd5 51. Ne1 Qa2+ 52. Kg1 Qb1 53. Kh2 Qa2+ 54. Kg1 Qb1 55. Qd2 Qb3 56. Qd3 Qe6 57. Ng2 Kh8 58. Qf3 Qd6 59. Qe4 a4 60. d5 Kh7 61. Nxh4 Qg3+ 62. Ng2 Qxa3 63. h4 Qa1+ 64. Ne1 Qe5 65. Qxe5 Nxe5 66. Kf2 Kg6 67. Nc2 Nc4 68. Ke2 1/2-1/2

[Event "Sharjah Master 2024"]
[Site "Shsrjah - Abu Dhabi"]
[Date "2024.05.22"]
[Round "?"]
[White "Horvath, Dominik"]
[Black "Yilmaz, Mustafa"]
[Result "1/2-1/2"]
[WhiteElo "2553"]
[BlackElo "2641"]
[PlyCount "58"]
[EventDate "2024.05.14"]
[EventCountry "UAE"]

1. e4 e5 2. Nf3 Nc6 3. Nc3 Nf6 4. d4 exd4 5. Nxd4 Bb4 6. Nxc6 (6. Nf3 Bf8) 6... bxc6 7. Bd3 d5 8. Bd2 O-O 9. O-O Rb8 10. Re1 Re8 11. h3 dxe4 12. Bxe4 Bxh3 13. Bxc6 Bd7 14. Rxe8+ $146 ({RR} 14. Bf3 Bf5 15. Rxe8+ Qxe8 16. Be3 Bxc3 17. bxc3 Rd8 18. Qb1 Be4 19. Bxe4 Nxe4 20. Qb7 Nxc3 21. Re1 Qe5 22. Qxa7 h6 23. Qa6 Qd5 24. Bf4 Ra8 25. Qd3 Qxd3 26. cxd3 Nd5 27. Bg3 Rxa2 28. Rc1 Rd2 {Kraus,T (2488)-Navara,D (2678) Ostrava CZE 2024 0-1 (54)}) ({RR} 14. Bf3 Bf5 15. Rxe8+ Qxe8 16. Be3 Bxc3 17. bxc3 Rd8 18. Qb1 Be4 19. Bxe4 Nxe4 20. Qb7 Nxc3 21. Re1 Qe5 22. Qxa7 h6 23. Qa6 Qd5 24. Bf4 Ra8 25. Qd3 Qxd3 26. cxd3 Nd5 27. Bg3 Rxa2 28. Rc1 Rd2 {Kraus,T (2488)-Navara,D (2678) Ostrava, CZ 2024 0-1 (54)}) 14... Qxe8 15. Bxd7 Qxd7 16. Be3 Bxc3 17. Qxd7 Nxd7 18. bxc3 Nb6 19. Rb1 f6 20. Rb3 Kf7 21. c4 Ke6 22. c5 Nd7 23. Ra3 Ra8 24. Bf4 Ne5 25. Bxe5 fxe5 26. Rg3 Rg8 27. Ra3 Ra8 28. Rg3 Rg8 29. Ra3 Ra8 1/2-1/2

[Event "Sharjah Master 2024"]
[Site "Shsrjah - Abu Dhabi"]
[Date "2024.05.22"]
[Round "?"]
[White "Banusz, Tamas"]
[Black "Can, Emre"]
[Result "1/2-1/2"]
[WhiteElo "2623"]
[BlackElo "2549"]
[PlyCount "71"]
[EventDate "2024.05.14"]
[EventCountry "UAE"]

1. Nf3 d5 2. g3 g6 3. Bg2 Bg7 4. O-O e5 5. d3 Ne7 6. e4 O-O 7. Nc3 d4 8. Ne2 c5 9. Nd2 $146 ({RR} 9. a4 Nbc6 10. Nd2 Rb8 11. Nc4 Be6 12. f4 Bxc4 13. dxc4 exf4 14. Nxf4 Ne5 15. Qe2 N7c6 16. Nd5 Nb4 17. Bf4 Re8 18. Rad1 Nxd5 19. exd5 Qd7 20. b3 d3 21. Qd2 dxc2 22. Qxc2 Rbd8 23. h3 f5 {Kashefi,A (2193)-Fedoseev,V (2690) chess.com INT 2024 1-0 (68)}) 9... Nbc6 10. f4 f6 11. Nf3 Bd7 12. h3 Qb6 13. Kh2 f5 14. Nxe5 Nxe5 15. fxe5 fxe4 16. Bxe4 Bxe5 17. Bf4 Bg7 18. Qd2 Bc6 19. b3 Nd5 20. Bxd5+ Bxd5 21. Bh6 Bxh6 22. Qxh6 Qe6 23. Qd2 Bc6 24. Nf4 Qd6 25. Rae1 Rf6 26. Qe2 $6 {Inaccuracy. h4 was best.} (26. h4 h6 27. Nh3 Rxf1 28. Rxf1 Qd5 29. Re1 Qf3 30. Qf2 Rf8 31. Qxf3 Rxf3) 26... Raf8 $6 {Inaccuracy. Re8 was best.} (26... Re8 27. Qg4) 27. Qe5 h6 28. Qxd6 Rxd6 29. h4 Rdf6 30. Re5 Rf5 31. Rfe1 g5 32. hxg5 hxg5 33. Nh3 g4 34. Nf4 Rxe5 35. Rxe5 Re8 36. Rxe8+ 1/2-1/2

[Event "Sharjah Master 2024"]
[Site "Shsrjah - Abu Dhabi"]
[Date "2024.05.22"]
[Round "?"]
[White "Bharath Subramaniyam H"]
[Black "Theodorou, Nikolas"]
[Result "0-1"]
[WhiteElo "2544"]
[BlackElo "2616"]
[PlyCount "110"]
[EventDate "2024.05.14"]
[EventCountry "UAE"]

{[%evp 12,110,4,7,10,-3,-1,-13,14,-48,-26,-61,-58,-71,-67,-59,-77,-64,-72,-58,-67,-66,-66,-151,-135,-137,-132,-147,-99,-80,-17,-77,-56,-240,-240,-241,10,4,43,-170,-185,-177,-187,-354,-363,-431,-431,-417,-418,-488,-233,-351,-338,-595,-329,-318,-314,-311,-308,-296,-283,-371,-362,-349,-362,-364,-347,-337,-318,-359,-353,-385,-351,-365,-365,-356,-348,-354,-343,-412,-410,-459,-459,-459,-464,-457,-470,-464,-462,-478,-478,-495,-483,-498,-497,-487,-462,-560,-556,-547,-555]} 1. e4 c5 2. Nf3 Nc6 3. d4 cxd4 4. Nxd4 e5 5. Ne2 Nf6 6. Nbc3 Bc5 7. Ng3 O-O $146 ({RR} 7... d6 8. Bb5 $2 (8. Na4 $11) 8... Ng4 $1 9. O-O $2 (9. Be3 $17 Nxe3 10. fxe3) 9... h5 $2 ({Black should play} 9... Qh4 $19 {[%csl Gg4][%cal Rh4h2]} 10. h3 Nxf2 {[%mdl 64] Remove Defender} 11. Rxf2 Qxg3 {[%mdl 64] Pin}) 10. h3 h4 11. Nf5 Bxf5 12. exf5 Nf6 13. Be3 $2 (13. Bg5 $18) 13... Bb6 $2 (13... Bxe3 $15 {keeps the upper hand.} 14. fxe3 d5) 14. Bxb6 (14. Bg5 $142 $1) 14... axb6 15. a4 O-O 16. Qd2 Nd4 17. Bd3 d5 18. Ne2 Nc6 19. c3 e4 (19... Ne4 $11 20. Bxe4 dxe4) 20. Bc2 (20. Bb5 $14) 20... Ne5 21. Bb3 Qd7 22. Nd4 {Wang,A (1851)-De Sousa,D (2021) chess.com INT 2024 0-1 (38)}) ({RR} 7... h5 8. Bg5 Qb6 9. Qd2 $1 Ng4 (9... d6 $14) 10. Nd1 $2 (10. O-O-O $16) 10... f6 11. Be3 Nxe3 12. Nxe3 $2 (12. fxe3 $15 h4 13. Ne2) 12... Qxb2 13. Rc1 Ba3 14. Ne2 Nd4 (14... Bb4 $19 15. c3 Qxd2+ 16. Kxd2 Bc5) 15. Nc4 Qxa2 16. Nxa3 Nxe2 (16... Qxa3 $17 17. Nxd4 exd4) 17. Bxe2 Qxa3 18. O-O $1 h4 19. h3 Rh6 (19... Qe7 $11) 20. Qd5 Ke7 $2 {[%mdl 8192]} (20... Qe7 $16 {is more resistant.}) 21. Rfd1 $2 (21. Qg8) 21... d6 $2 (21... Ke8 22. Ba6 Qe7) 22. Bc4 {Montiel Caceres,H (1682)-Fernandez Siles,L (2218) chess.com INT 2024 1-0}) 8. Bc4 d6 9. O-O a6 {The position is equal.} 10. Nf5 $6 {Inaccuracy. Bg5 was best.} (10. Bg5 h6 11. Bxf6 Qxf6 12. Nd5 Qg5 13. c3 Be6 14. Kh1 Rac8 15. Bb3 Kh8) (10. Bg5 $11) 10... Be6 11. Nd5 Nxe4 12. Qg4 $1 {[%csl Gf5,LRe4,LRg7][%cal Rg4g7]} g6 $1 (12... Bxf5 $6 13. Qxf5 Qh4 14. Bd3 $14) 13. Nh6+ Kg7 $1 14. Qxe4 f5 15. Qe2 b5 {[%mdl 1024] Threatens to win with ...Nd4. Black has compensation.} 16. Bb3 Nd4 17. Qd1 $2 {Mistake. Qd3 was best.} (17. Qd3 f4 18. Nxf4 $1 Bxb3 19. Nh5+ $1 gxh5 20. axb3 Qf6 $1 21. b4 Bxb4 22. c3 Nb3) (17. Qd3 $15 f4 18. Nxf4 exf4 19. Bxe6 Nxe6 20. Ng4) 17... f4 $17 18. Ng4 Qh4 $1 (18... h5 $6 19. Ngf6 $11) 19. Nge3 (19. h3 h5) 19... fxe3 20. Bxe3 Rf5 $6 {Inaccuracy. Nf3+ was best.} (20... Nf3+) ({Black should try} 20... Rac8 $17) 21. Nc7 (21. g3 $11 {remains equal.} Qe4 22. Bxd4 Bxd5 23. Bxd5 Qxd5 24. Bxc5 Qxc5 25. Qd2) 21... Bd7 {And now ...Raf8 would win.} 22. g3 $4 {Blunder. Bxd4 was best.} (22. Bxd4 $1) (22. Nxa8 $6 Nxb3 23. axb3 Rh5 $16) (22. Bxd4 $1 $15 Bxd4 23. g3 (23. Nxa8 $2 Bxf2+ 24. Rxf2 Qxf2+ 25. Kh1 Bc6 $19 {[%mdl 64] Double Attack})) 22... Qh3 $1 $19 23. Bxd4 {[#]} exd4 $4 {Blunder. Rh5 was best.} (23... Rh5 $1 24. Qxh5 Qxh5 25. Bxc5 dxc5 26. Ne6+ Bxe6 27. Bxe6 e4 28. c4 Qe5 29. Bd5) (23... Rh5 $1 $19 24. Qxh5 gxh5 25. Bxc5 dxc5 26. Nxa8 Bc6) 24. Ne6+ $4 $11 {Blunder. Bd5 was best.} (24. Bd5) ({But not} 24. Nxa8 Rh5 $17) 24... Kh8 {[#]} (24... Kf6 $5 {[%cal Rd7e6]} 25. Qd3 (25. Nxd4 Rh5 $17) 25... Rh5 26. Qf3+ Ke7 $11) 25. Nxc5 $2 (25. Ng5 $1 $14 {[%mdl 512] was forced to keep a grip.} Qh6 (25... Rxg5 26. Qf3) 26. Nf7+ Rxf7 27. Bxf7) 25... dxc5 $40 {[%mdl 128] Black goes for the king.} 26. f3 Qh6 27. c3 $6 {Inaccuracy. Re1 was best.} (27. Re1 {27.g4 -1.61} c4 28. Qxd4+ Qg7 29. Rad1 Qxd4+ 30. Rxd4 Rf7 31. Bxc4 bxc4 32. Kf2 Rc8) (27. g4 {was worth a try.} Re5 28. c3) 27... Qe3+ 28. Kg2 Bc6 29. cxd4 Rd8 30. d5 $6 {Inaccuracy. g4 was best.} (30. g4 Rxd4 31. gxf5 Rxd1 32. Raxd1 Qg5+ 33. Kh1 Qxf5 34. Rd8+ Kg7 35. Bd1 Bd5) 30... c4 $2 {Mistake. Rfxd5 was best.} (30... Rfxd5 31. Bxd5 Rxd5 32. Qe1 Rd2+ 33. Qxd2 Qxd2+ 34. Rf2 Qe3 35. h3 c4 36. a3) (30... Rfxd5 $142 {...Rd2+ is the strong threat.} 31. Bxd5 Rxd5) 31. Re1 (31. Qe1 {was necessary.} Qxe1 32. Raxe1 Rfxd5 33. Bc2) 31... Qc5 32. Qc1 $4 {Blunder. dxc6 was best.} (32. dxc6 Rxd1 33. Bxd1 Qxc6 34. Rf1 Rd5 35. Rf2 Qb6 36. Bc2 Qa5 37. Raf1 Qxa2) (32. dxc6 $142 Rxd1 33. Bxd1) 32... Rfxd5 $4 {Blunder. Rxf3 was best. ( -> ...Rd2+)} (32... Rxf3 33. Bxc4 bxc4 34. Qxc4 Rf2+ 35. Kg1 Rf1+ 36. Kg2 Qxc4 37. dxc6 Rd2+ 38. Kh3) 33. Qc3+ Qd4 34. Bd1 Qxc3 35. bxc3 Rd3 36. a4 $6 {Inaccuracy. Re6 was best.} (36. Re6 Bd7 37. Re7 Rxc3 38. g4 Bc6 39. Kg3 Re8 40. Rc7 Bd5 41. Kh4 Re1) 36... Rxc3 37. axb5 axb5 38. Kh3 Rcd3 ({Not} 38... Bxf3 39. Bxf3 Rxf3 40. Ra7 $19) 39. f4 R3d7 40. Bg4 Rc7 41. Rac1 Kg7 42. Kh4 Rd2 43. h3 Bd5 44. Rb1 c3 45. Rec1 $6 {Inaccuracy. Rxb5 was best.} (45. Rxb5 c2 46. Rb2 h5 47. Be6 Bxe6 48. Rxc2 Rdxc2 49. Rxe6 R2c5 50. Rd6 Rc4) 45... h5 46. Bd1 {[#]} Rxd1 $1 {[%mdl 576] Remove Defender, Deflection, Decoy, Promotion. Black is clearly winning.} 47. Rxd1 {[%mdl 4096] Endgame KRR-KRB} c2 {[%mdl 64] Double Attack} 48. Rdc1 cxb1=Q 49. Rxb1 {KRB-KR} Rb7 50. Rb4 Kf6 51. Rd4 Bf7 {aiming for ...b4.} 52. Rb4 Bc4 53. g4 Rh7 54. g5+ $6 {Inaccuracy. Rb2 was best.} (54. Rb2 hxg4+ 55. Kxg4 Rd7 56. f5 Rd4+ 57. Kg3 gxf5 58. h4 Rg4+ 59. Kf3 Rxh4) 54... Ke6 55. Rb1 Rf7 {Accuracy: White = 45%, Black = 73%.} 0-1

[Event "Sharjah Master 2024"]
[Site "Shsrjah - Abu Dhabi"]
[Date "2024.05.22"]
[Round "?"]
[White "Nikitenko, Mihail"]
[Black "Ivanchuk, Vasyl"]
[Result "1/2-1/2"]
[WhiteElo "2525"]
[BlackElo "2609"]
[PlyCount "154"]
[EventDate "2024.05.14"]
[EventCountry "UAE"]

1. e4 e5 2. Nf3 Nf6 3. Nxe5 d6 4. Nf3 Nxe4 5. Nc3 Nxc3 6. dxc3 Be7 7. Be3 O-O 8. Qd2 Nd7 9. O-O-O Nf6 ({RR} 9... c6 10. Kb1 Re8 11. h4 d5 12. c4 Nf6 13. Qc3 Bg4 14. Bd3 a5 15. a3 h6 16. Rhg1 Qc8 17. Qb3 a4 18. Qa2 Rd8 19. Bd4 Be6 20. Rde1 c5 21. Bxf6 Bxf6 22. g4 Bxg4 23. Ne5 Bxe5 24. Rxe5 {Duda,J (2732)-Smirnov,A (2586) chess.com INT 2024 0-1 (66)}) 10. Bd3 Re8 11. Rde1 $146 ({RR} 11. h4 d5 12. Kb1 c6 13. Ng5 h6 14. f3 c5 15. g4 c4 16. Bf1 b5 17. Bd4 Rb8 18. Nxf7 Kxf7 19. g5 Qd6 20. Rg1 Bf5 21. gxf6 Bxf6 22. Bxf6 Qxf6 23. Qxd5+ Kf8 24. a3 Qe5 25. Qxe5 Rxe5 {Csonka,B (2491)-Paravyan,D (2612) chess.com INT 2024 ½-½ (34)}) ({RR} 11. Rhe1 c5 12. c4 Bd7 13. Bg5 h6 14. Bh4 Bc6 15. c3 Nh5 16. Bxe7 Rxe7 17. Bc2 Kf8 18. Ne5 Bxg2 19. f4 Bc6 20. Nxc6 bxc6 21. Rxe7 Qxe7 22. Qxd6 Rc8 23. Qd7 Rc7 24. Qd2 Nf6 25. Bf5 Rb7 {Pingin,A (2437)-Nesterov,A (2592) Moscow RUS 2024 0-1 (48)}) ({RR} 11. Rhe1 Bg4 12. Bg5 Qd7 13. Qf4 Nh5 14. Qd2 Bxg5 15. Qxg5 h6 16. Qd2 Qa4 17. a3 Bxf3 18. gxf3 Qf4 19. Qxf4 Nxf4 20. Re4 Nh3 21. Rf1 Ng5 22. Re3 Nh3 23. Be4 Rab8 24. Bf5 Nf4 25. Re4 Rxe4 {Graif,W (2302)-Lee,A (2379) New York USA 2024 ½-½ (67)}) 11... c6 12. Kb1 Qa5 $6 {Inaccuracy. d5 was best.} (12... d5 13. Bf4 c5 14. c4 b5 15. cxd5 c4 16. d6 cxd3 17. dxe7 dxc2+ 18. Kc1) 13. c4 $6 {Inaccuracy. a3 was best.} (13. a3 Bf5 14. Bd4 Bxd3 15. Qxd3 Nd7 16. h4 c5 17. Qf5 Qc7 18. Be3 Nf6) 13... Qxd2 14. Bxd2 Bd7 15. h3 h6 16. Nd4 d5 17. cxd5 Nxd5 18. c3 Bc5 19. Bc4 Ne7 20. Re5 Bxd4 21. cxd4 Ng6 22. Rxe8+ Rxe8 23. Kc2 Nh4 24. g4 Be6 25. Bxe6 Rxe6 26. Kd3 f5 27. b4 Rg6 28. gxf5 Nxf5 29. a4 Rd6 30. Be3 Rd5 31. Rc1 a6 32. Rc5 Kf7 33. Rc4 Ke7 34. Rc1 Ke6 35. Re1 Kd7 $6 {Inaccuracy. Kf7 was best.} (35... Kf7) 36. Rg1 g5 37. Rb1 Ke6 38. Rf1 a5 39. Rb1 axb4 40. Rxb4 Nd6 41. Ke2 Rf5 42. Rb1 Ra5 43. Rb4 Rf5 44. Rb1 Rf8 45. Rb4 Kd5 46. Rb1 Rf7 47. Rc1 Nc4 48. h4 gxh4 49. Rh1 h5 50. Rxh4 Rh7 51. Bg5 Nd6 52. Kd3 Nf5 53. Re4 Kd6 54. Re5 Rf7 55. Ke4 Ne7 56. f4 h4 57. Kf3 Nd5 58. Re1 h3 59. Rh1 Rh7 60. Kg3 Nc3 61. Bh4 Ke6 62. Kg4 Rg7+ 63. Bg5 Ne4 64. Rh2 b5 65. axb5 cxb5 66. Rb2 b4 67. Kxh3 Rb7 68. Kg4 Kd5 69. Kf5 b3 70. Be7 Nc3 71. Kg6 Rxe7 72. Rxb3 Kxd4 73. Rxc3 Kxc3 74. f5 Kd4 75. f6 Ra7 76. f7 Rxf7 77. Kxf7 Ke5 1/2-1/2